中国时间之最 - Statistics

General Stats
  • This quiz has been taken 30 times
  • The average score is 12 of 30
Answer Stats
项目 时间有多久? 答案 % Correct
第一个运营地铁的城市 公元1971年 北京
96%
最长寿的正统王朝皇帝 89岁 爱新觉罗·弘历
80%
最早的纪传体通史 公元前91年 司马迁《史记》
80%
第一个正统王朝 约前2070年 夏朝
80%
国祚最长久的中国正统王朝 790年 周朝
72%
历史有记载最早的农民起义 公元前210年 大泽乡起义
68%
现存最早的石拱桥 公元605年 赵县安济桥(赵州桥)
64%
最大年龄夺得奥运会乒乓球男单金牌的选手 32岁 马龙
60%
民间神话传说中寿命最长的人 800岁 彭祖
60%
登基时年龄最大的皇帝 66岁 武则天
52%
定都南京时间最长的王朝 103年 东晋
48%
原址不变前提下,建城史最悠久的省会城市 约前1500年 郑州
48%
历史最悠久的汉传佛教寺庙 公元68年 洛阳白马寺
44%
大陆2022年劳动力人口平均年龄最高的省份 41.59岁 黑龙江
36%
最早的官办近现代大学 公元1895年 北洋大学堂
36%
现存最早的私家藏书楼 公元1561年 宁波天一阁
36%
最早的500米级高楼 2004年 台北101大楼
36%
成立最早的民主党派 公元1925年 中国致公党
24%
成立时间最早的央企 公元1872年 招商局集团
24%
同一家族内传承时间最久的爵位 约880年 衍圣公
20%
现存最早的完整木结构古建筑 公元782年 五台县南禅寺大殿
20%
第一条中国人自主建设并开行蒸汽机车的铁路 公元1881年 唐胥铁路
16%
最长寿的开国上将 106岁 吕正操上将
12%
现存最早的纸本中国画 公元8世纪 韩滉《五牛图》
12%
最早有完整文字记载的历法 公元前104年 《太初历》
12%
已知最早的人类用火遗存所在的地级市 180万年前 运城市西侯度遗址
12%
最早出现的藏传佛教派别 公元8世纪晚期 宁玛派(红教)
8%
现存最早的名家书法真迹 约公元303年 陆机《平复帖》
8%
传承至今最早的诗文总集 约公元526年 萧统《文选》
4%
现存最早的足球俱乐部 公元1886年 香港足球会
0%
No matching quizzes found
Score Distribution
Percent of People with Each Score
Percentile by Number Answered
Your Score History
You have not taken this quiz